000 00437nam a2200145Ia 4500
008 240729s9999 xx 000 0 und d
022 _a2394-3866
245 0 _aInternational Journal of Research and Innovations in Science and Technology
260 _aIndia
260 _bSAINTGITS College of Engineering
650 _aTechnology
856 _uhttps://doaj.org/toc/c9595d41fe5e40489c02a3d0759003d3
942 _2ddc
942 _cDOAJEJ
999 _c69808
_d69808
945 _a1
_bMadushi Gamage
_c1
_dMadushi Gamage